| Tag |
First Indicator |
Second Indicator |
Subfields |
| LEADER |
00000cam a2200000 a 4500 |
| 001 |
in00002082002 |
| 005 |
20211202203614.0 |
| 008 |
050915s2005 dcu b f000 0 eng c |
| 035 |
|
|
|a (OCoLC)ocm61521562
|
| 040 |
|
|
|a GPO
|c GPO
|d MvI
|d UtOrBLW
|
| 042 |
|
|
|a pcc
|
| 043 |
|
|
|a n-us---
|
| 049 |
|
|
|a UDOC
|
| 049 |
|
|
|a WWW
|
| 050 |
1 |
4 |
|a KF32
|b .J8 2005y
|
| 074 |
|
|
|a 1008-C
|
| 074 |
|
|
|a 1008-C (online)
|
| 074 |
|
|
|a 1008-D (MF)
|
| 074 |
|
|
|a 1008-D (online)
|
| 086 |
0 |
|
|a Y 1.1/8:109-131
|
| 110 |
1 |
|
|a United States.
|b Congress.
|b House.
|b Committee on the Judiciary.
|
| 245 |
1 |
0 |
|a Proposing an amendment to the Constitution of the United States authorizing the Congress to prohibit the physical desecration of the flag of the United States :
|b report together with additional and dissenting views (to accompany H.J. Res. 10) (including cost estimate of the Congressional Budget Office).
|
| 264 |
|
1 |
|a [Washington, D.C.] :
|b [U.S. G.P.O.],
|c [2005]
|
| 300 |
|
|
|a 114 pages ;
|c 24 cm.
|
| 336 |
|
|
|a text
|b txt
|2 rdacontent
|
| 337 |
|
|
|a unmediated
|b n
|2 rdamedia
|
| 338 |
|
|
|a volume
|b nc
|2 rdacarrier
|
| 490 |
1 |
|
|a Report / 109th Congress, 1st session, House of Representatives ;
|v 109-131
|
| 500 |
|
|
|a Caption title.
|
| 500 |
|
|
|a Distributed to some depository libraries in microfiche.
|
| 500 |
|
|
|a Shipping list number : 2005-0233-P.
|
| 500 |
|
|
|a "June 14, 2005."
|
| 500 |
|
|
|a Shipping List Date: 09/13/2005
|
| 504 |
|
|
|a Includes bibliographical references.
|
| 530 |
|
|
|a Also available via Internet from the GPO Access web site. Address as of 9/16/05: http://frwebgate.access.gpo.gov/cgi-bin/getdoc.cgi?dbname=109%5Fcong%5Freports&docid=f:hr131.109.pdf; current access is available via PURL.
|
| 650 |
|
0 |
|a Flags
|x Law and legislation
|z United States.
|
| 650 |
|
0 |
|a Flags
|x Desecration
|z United States
|x Prevention.
|
| 650 |
|
0 |
|a Constitutional amendments
|z United States.
|
| 810 |
1 |
|
|a United States.
|b Congress.
|b House.
|t Report ;
|v 109-131.
|
| 856 |
4 |
1 |
|u https://purl.fdlp.gov/GPO/LPS63995
|t 0
|
| 999 |
|
|
|a MARS
|
| 999 |
f |
f |
|s 93d0f3af-3cd9-3e54-929e-680a0cec8d56
|i 54375eea-e549-34d0-9849-084895becb43
|t 0
|
| 952 |
f |
f |
|a Texas A&M University
|b College Station
|c Electronic Resources
|d Available Online
|t 0
|e Y 1.1/8:109-131
|h Superintendent of Documents classification
|
| 998 |
f |
f |
|a Y 1.1/8:109-131
|t 0
|l Available Online
|